Villes les plus peuplées du Var - Statistiques

Statistiques générales
  • Ce quiz a été pris 664 fois
    595 depuis la dernière actualisation
  • Le résultat moyen est 8 sur 16
Statistiques - réponses
Population % Correct
171 953 Toulon
98%
52 672 Fréjus
83%
55 588 Hyères
82%
39 340 Draguignan
79%
63 936 La-Seyne-sur-Mer
72%
35 042 Saint-Raphaël
68%
17 179 Brignoles
60%
25 126 La Garde
54%
13 968 Sainte-Maxime
42%
32 829 Six-Fours-les-Plages
37%
16 605 Sanary-sur-Mer
36%
23 884 La Valette-du-Var
33%
13 702 Ollioules
33%
18 288 La Crau
31%
14 251 Roquebrune-sur-Argens
23%
16 433 Saint-Maximin-la-Sainte-Baume
18%
Aucun quiz correspondant
Distribution des résultats
% des personnes avec chaque résultat
Percentile par nombre de réponses
Votre historique - résultats
Vous n’avez pas pris ce quiz depuis la dernière actualisation